Представление документа в формате RUSMARC

ПолеНазваниеЗначение
  Тип записи a
  Библиографический уровень m
001 Контрольный номер RU/SLIB/B/208721619
005 Дата корректировки 20201206203946.8
010 Индекс ISBN __
a ISBN 5-89785-054-2
d Цена 85-00
101 Язык документа __
a Язык текста rus
c Язык оригинала rus
200 Заглавие и сведения об ответственности 1_
a Заглавие Техника безопасности в строительстве
e Сведения, относящиеся к заглавию СНиП III-4-80* : утв. постановлением Госстроя СССР № 82 от 09.06.80 г.
f Первые сведения об ответственности Госстрой СССР, ЦНИИОМТП
b Общее обозначение материала Текст
210 Выходные данные __
a Место издания М.
c Издательство Апрохим
d Дата издания 2000
215 Физическое описание __
a Объем 102 с.
606 Тематические рубрики __
a Основная рубрика Строительство
606 Тематические рубрики __
a Основная рубрика Техника безопасности в строительстве
610 Ключевые слова __
a Ключевые слова труд; безопасность труда; строительные работы; строительно-монтажные работы; охрана труда; земляные работы; изоляция; каменные работы; монтажные работы; монтажники; монтажно-сборочные работы; буровые работы; электромонтажные работы; трубопроводы; ограждения строительных площадок; строительные нормы; строительные правила
686 Индексы других классификаций __
a Классификационный индекс 38.6н
801 Источник записи _0
a Страна RU
b Организация Муниципальное бюджетное учреждение культуры "Централизованная библиотечная система" г. Сургут (Центральная городская библиотека им. А. С. Пушкина)
g Правила каталогизации КиК/Тесленко
801 Источник записи _1
a Страна RU
b Организация Муниципальное бюджетное учреждение культуры "Централизованная библиотечная система" г. Сургут (Центральная городская библиотека им. А. С. Пушкина)
g Правила каталогизации КиК/Тесленко
852 Данные о местонахождении __
j Шифр хранения 38.6н
c Каталожный индекс 38.6н
i Авторский знак Т 38
p Инвентарный номер Б/Н
901 Тип документа __
t Тип документа m
903 Характеристики (МАРС) __
a Дата передачи 20010920; 20010626
990 Данные о заказе (DOS) __
h N записи в КСУ для Б/У (DOS) 200109
j Количество экземпляров (DOS) 5
t N записи в КСУ для И/У (DOS) 200106